| 000 | 00574nam a22001817a 4500 | ||
|---|---|---|---|
| 003 | OSt | ||
| 005 | 20251029033538.0 | ||
| 008 | 251029b |||||||| |||| 00| 0 eng d | ||
| 020 | _a978-971-581-299-3 | ||
| 040 |
_aDWCL - Main Lib _cOC |
||
| 082 | _aCirc. 248.8083 W577m 2017 | ||
| 100 | _aWhite, Ellen G. | ||
| 245 |
_aMensahe sa mga kabataan / _cEllen G. White |
||
| 260 |
_aManila, Philippines : _bPhilippine Publishing House, _cc2011. |
||
| 300 |
_a632 pages : _bcolored illustrations ; _c17cm. |
||
| 650 | _a1. Message-Young People | ||
| 942 |
_2ddc _cBK-CIRC _mCirc. _n0 |
||
| 999 |
_c5276 _d5276 |
||